[Event "Sydney International Challengers"]
[Site "Parramatta, NSW"]
[Date "2010.04.08"]
[Round "4.15"]
[White "Tracey, Michael"]
[Black "Canfell, Mike J"]
[Result "0-1"]
[WhiteElo "1370"]
[BlackElo "1587"]
[PlyCount "36"]
[EventDate "2010.04.07"]
[EventType "swiss"]
[EventRounds "9"]
[EventCountry "AUS"]
[SourceDate "2010.04.07"]

1. c4 Nf6 2. Nc3 g6 3. d4 Bg7 4. e4 d6 5. f3 O-O 6. Be3 c5 7. Nge2 Nc6 8. d5
Ne5 9. Ng3 e6 10. Qd2 exd5 11. cxd5 a6 12. O-O-O b5 13. Bh6 Qa5 14. Bxg7 Kxg7
15. Qc2 Bd7 16. a3 b4 17. axb4 cxb4 18. Nb1 Rfc8 0-1

[Event "Sydney International Challengers"]
[Site "Parramatta, NSW"]
[Date "2010.04.08"]
[Round "4.17"]
[White "Roche, Stephen"]
[Black "Bleicher, Horst"]
[Result "0-1"]
[WhiteElo "1168"]
[BlackElo "1442"]
[PlyCount "52"]
[EventDate "2010.04.07"]
[EventType "swiss"]
[EventRounds "9"]
[EventCountry "AUS"]
[SourceDate "2010.04.07"]

1. e4 e5 2. Nf3 Nc6 3. Bb5 a6 4. Ba4 Nf6 5. O-O Be7 6. Re1 b5 7. Bb3 O-O 8. c3
d5 9. exd5 Nxd5 10. Nxe5 Nxe5 11. Rxe5 c6 12. d4 Bd6 13. Re1 Qh4 14. g3 Qh3 15.
Be3 Bg4 16. Qd3 Rae8 17. Bxd5 cxd5 18. Qf1 Qh5 19. Nd2 Re6 20. Qg2 Rfe8 21. Qf1
f5 22. Qg2 f4 23. gxf4 Bxf4 24. Kh1 Bxe3 25. Rg1 Bf4 26. f3 Rh6 0-1

[Event "Sydney International Challengers"]
[Site "Parramatta, NSW"]
[Date "2010.04.08"]
[Round "4.18"]
[White "Simmonds, Leteisha"]
[Black "Childs, Stephen"]
[Result "1-0"]
[WhiteElo "1424"]
[BlackElo "1132"]
[PlyCount "73"]
[EventDate "2010.04.07"]
[EventType "swiss"]
[EventRounds "9"]
[EventCountry "AUS"]
[SourceDate "2010.04.07"]

1. e4 c5 2. Nf3 d6 3. c3 Nf6 4. Be2 Nc6 5. d3 e5 6. Nbd2 Be7 7. Nf1 Be6 8. Ne3
O-O 9. c4 Nd4 10. Nxd4 cxd4 11. Nd5 Nxd5 12. cxd5 Bd7 13. b3 a5 14. O-O b5 15.
f4 b4 16. fxe5 dxe5 17. a3 Bg5 18. a4 f5 19. g3 Be3+ 20. Bxe3 dxe3 21. d4 f4
22. Bg4 exd4 23. Bxd7 Qxd7 24. Qxd4 e2 25. Rf3 fxg3 26. Rxg3 Rf7 27. Re1 Raf8
28. Rxe2 Rf1+ 29. Kg2 R8f4 30. Qc4 h6 31. d6+ Kh7 32. Qd5 Qa7 33. d7 R1f2+ 34.
Kh3 g5 35. Rge3 Rh4+ 36. Kg3 Rxe2 37. Qf7+ 1-0

[Event "Sydney International Challengers"]
[Site "Parramatta, NSW"]
[Date "2010.04.08"]
[Round "4.19"]
[White "Nakauchi, Kenji"]
[Black "Jones, Peter"]
[Result "1-0"]
[WhiteElo "1262"]
[BlackElo "1834"]
[PlyCount "91"]
[EventDate "2010.04.07"]
[EventType "swiss"]
[EventRounds "9"]
[EventCountry "AUS"]
[SourceDate "2010.04.07"]

1. d4 d6 2. c4 Bf5 3. Nc3 f6 4. e4 Bg6 5. d5 Qd7 6. Bd3 e6 7. Nf3 exd5 8. exd5
Qe7+ 9. Be3 Bxd3 10. Qxd3 Nd7 11. O-O Nc5 12. Bxc5 Kf7 13. Be3 c6 14. Rfe1 Qd7
15. Bd2 Nh6 16. Qe4 Re8 17. Qxe8+ Qxe8 18. Rxe8 Kxe8 19. Bxh6 gxh6 20. Re1+ Kd7
21. Re6 Bg7 22. Ne4 cxd5 23. Rxd6+ Ke7 24. Rxd5 Rc8 25. b3 a6 26. Nd6 Rc7 27.
Nf5+ Kf7 28. Nxg7 Kxg7 29. g3 b5 30. cxb5 Rc1+ 31. Kg2 axb5 32. Rxb5 Kg6 33. a4
h5 34. a5 Ra1 35. Nh4+ Kf7 36. Rxh5 Kg7 37. b4 f5 38. Rxf5 Kh6 39. Rf6+ Kg5 40.
Rc6 Rb1 41. Rc5+ Kf6 42. b5 Ke6 43. a6 Kd6 44. Rc6+ Kd5 45. a7 Rxb5 46. a8=Q
1-0

[Event "Sydney International Challengers"]
[Site "Parramatta, NSW"]
[Date "2010.04.08"]
[Round "4.20"]
[White "Accola, Tom"]
[Black "Stahnke, Axel"]
[Result "0-1"]
[WhiteElo "839"]
[BlackElo "1412"]
[PlyCount "48"]
[EventDate "2010.04.07"]
[EventType "swiss"]
[EventRounds "9"]
[EventCountry "AUS"]
[SourceDate "2010.04.07"]

1. d4 Nf6 2. Nf3 d5 3. e3 a6 4. Bd3 Bg4 5. h3 Bh5 6. Nbd2 e6 7. O-O c5 8. c3
Nc6 9. a3 Qc7 10. Qe2 Nd7 11. Re1 Be7 12. Bc2 f5 13. c4 O-O 14. cxd5 exd5 15.
dxc5 Nxc5 16. Bb3 Rad8 17. Bc2 Ne4 18. Nb3 Ne5 19. Nbd4 Qd6 20. b4 Bh4 21. Rf1
Rc8 22. Bd1 Bd8 23. Qa2 Bc7 24. Bb2 Nxf3+ 0-1

[Event "Sydney International Challengers"]
[Site "Parramatta, NSW"]
[Date "2010.04.08"]
[Round "4.21"]
[White "Hannagan, Peter"]
[Black "Willathgamuwa, Rowan"]
[Result "1-0"]
[WhiteElo "1401"]
[BlackElo "424"]
[PlyCount "53"]
[EventDate "2010.04.07"]
[EventType "swiss"]
[EventRounds "9"]
[EventCountry "AUS"]
[SourceDate "2010.04.07"]

1. e4 c5 2. Nf3 Nc6 3. Bb5 Qb6 4. Nc3 Nf6 5. Bxc6 Qxc6 6. d3 e6 7. O-O b6 8. a4
a6 9. Bg5 Be7 10. h3 h6 11. Bh4 Bb7 12. Re1 O-O-O 13. Ne5 Qc7 14. Nxf7 g5 15.
Bg3 Qc6 16. Nxh8 Rxh8 17. Qf3 Rf8 18. Rad1 h5 19. Qe2 h4 20. Bh2 Ne8 21. f3 Ng7
22. d4 Nh5 23. d5 exd5 24. exd5 Qf6 25. Qxe7 Qf5 26. Qe8+ Rxe8 27. Rxe8# 1-0

[Event "Sydney International Challengers"]
[Site "Parramatta, NSW"]
[Date "2010.04.08"]
[Round "4.22"]
[White "Greenwood, Norman"]
[Black "Lin, Mark"]
[Result "1-0"]
[WhiteElo "1355"]
[BlackElo "775"]
[PlyCount "81"]
[EventDate "2010.04.07"]
[EventType "swiss"]
[EventRounds "9"]
[EventCountry "AUS"]
[SourceDate "2010.04.07"]

1. d4 d5 2. Nf3 Nf6 3. e3 Nc6 4. c3 Bg4 5. Nbd2 e6 6. Bb5 Be7 7. Qa4 O-O 8.
Bxc6 bxc6 9. Qxc6 Bf5 10. Ne5 Qd6 11. f4 Ng4 12. Ndf3 f6 13. Qxd6 Bxd6 14. Nxg4
Bxg4 15. O-O c5 16. h3 Bf5 17. g4 Be4 18. dxc5 Bxc5 19. Nd4 Rfe8 20. b4 Bb6 21.
a4 Rac8 22. Bd2 Bxd4 23. exd4 Rc7 24. Rfc1 Kf7 25. Ra3 Rb8 26. Kf2 Ke7 27. Ke3
a6 28. Rb3 Kd7 29. Ra1 Kc8 30. Ra2 Kd7 31. b5 axb5 32. Rxb5 Rxb5 33. axb5 Rb7
34. Rb2 Kc7 35. c4 Kd7 36. c5 Rb8 37. b6 Kc6 38. Ra2 Bg2 39. h4 Bf1 40. Ra7 Bb5
41. Rc7# 1-0

[Event "Sydney International Challengers"]
[Site "Parramatta, NSW"]
[Date "2010.04.08"]
[Round "4.24"]
[White "Mithran, Mishael"]
[Black "Nakauchi, Ray"]
[Result "0-1"]
[WhiteElo "667"]
[BlackElo "541"]
[PlyCount "90"]
[EventDate "2010.04.07"]
[EventType "swiss"]
[EventRounds "9"]
[EventCountry "AUS"]
[SourceDate "2010.04.07"]

1. e4 Nc6 2. Nf3 e5 3. Nc3 Nf6 4. Bb5 d6 5. O-O Bd7 6. Bxc6 Bxc6 7. d3 g6 8.
Bg5 Bg7 9. Qd2 O-O 10. a3 a5 11. Nd5 Bxd5 12. exd5 c6 13. dxc6 bxc6 14. Qc3 Qd7
15. Bxf6 Bxf6 16. h3 Bg7 17. Qd2 e4 18. dxe4 Bxb2 19. Ra2 Bg7 20. Rd1 Qe6 21.
Qd3 Qxa2 22. Qb3 Qxb3 23. cxb3 Rad8 24. b4 a4 25. Rd2 Bc3 26. Rc2 Be5 27. Nxe5
dxe5 28. Kf1 Rc8 29. Rc5 f6 30. Ke2 Rfd8 31. Ra5 Ra8 32. Rc5 Rdc8 33. Kd3 Kf7
34. Kc4 Ke6 35. Kc3 Ra7 36. b5 Rac7 37. b6 Rb7 38. Rc4 Rxb6 39. Rxa4 c5 40. Kc2
c4 41. Ra5 c3 42. Rd5 Rb2+ 43. Kc1 c2 44. Kd2 c1=Q+ 45. Kd3 Rc3# 0-1

[Event "Sydney International Challengers"]
[Site "Parramatta, NSW"]
[Date "2010.04.08"]
[Round "4.25"]
[White "Willathgamuwa, Kevin"]
[Black "Christian, Kashish"]
[Result "0-1"]
[WhiteElo "602"]
[BlackElo "654"]
[PlyCount "120"]
[EventDate "2010.04.07"]
[EventType "swiss"]
[EventRounds "9"]
[EventCountry "AUS"]
[SourceDate "2010.04.07"]

1. e4 c5 2. Nf3 e6 3. d4 cxd4 4. Nxd4 Nc6 5. Nc3 Nf6 6. Bg5 Be7 7. Bxf6 Bxf6 8.
Ndb5 O-O 9. Be2 b6 10. O-O Ba6 11. Qd6 Be5 12. Qd2 Qe7 13. f4 Qc5+ 14. Kh1 Bxb5
15. Bxb5 Bxc3 16. Qxc3 Qxb5 17. Rf3 Qc5 18. Qe1 Qe7 19. Qg3 Qf6 20. e5 Qg6 21.
Qf2 h6 22. Rd1 Rfd8 23. Rfd3 Nb4 24. Rxd7 Rxd7 25. Rxd7 Qxc2 26. Qxc2 Nxc2 27.
Rc7 Nb4 28. a3 Nd3 29. g3 Nxb2 30. Kg2 Na4 31. Rc4 Nc5 32. Kf3 Rd8 33. Rc3 Kh7
34. Ke3 Kg6 35. g4 Rd5 36. h4 h5 37. g5 Rd1 38. Kf3 Rh1 39. Kg2 Rxh4 40. Kg3
Rh1 41. Re3 Rf1 42. Rf3 Rxf3+ 43. Kxf3 Kf5 44. Kg3 Ne4+ 45. Kh4 g6 46. Kh3 Kxf4
47. Kg2 Kxg5 48. Kf3 Kf5 49. a4 g5 50. Ke3 h4 51. Kf3 g4+ 52. Kg2 h3+ 53. Kf1
g3 54. Ke2 h2 55. Ke3 h1=Q 56. Kd3 Qe1 57. Kd4 g2 58. Kd3 g1=R 59. Kd4 Qe2 60.
a5 Rd1# 0-1

[Event "Sydney International Challengers"]
[Site "Parramatta, NSW"]
[Date "2010.04.09"]
[Round "5.1"]
[White "Stahnke, Alexander"]
[Black "Wan, Dennis"]
[Result "1-0"]
[WhiteElo "1800"]
[BlackElo "1537"]
[PlyCount "105"]
[EventDate "2010.04.07"]
[EventType "swiss"]
[EventRounds "9"]
[EventCountry "AUS"]
[SourceDate "2010.04.07"]

1. d4 Nf6 2. c4 g6 3. Nc3 Bg7 4. e3 O-O 5. Bd3 d5 6. cxd5 Nxd5 7. Nge2 Nxc3 8.
bxc3 Nd7 9. Ba3 Re8 10. Qc2 e5 11. Rd1 Kh8 12. h4 exd4 13. cxd4 Nf6 14. Rc1 Qd5
15. Qxc7 Bd7 16. Nf4 Qxd4 17. O-O Qb6 18. Qxb6 axb6 19. Bd6 b5 20. a3 Ne4 21.
Bb4 Bc6 22. Rfd1 Bb2 23. Bxe4 Rxe4 24. Bc3+ Bxc3 25. Rxc3 b4 26. axb4 Rxb4 27.
Nd3 Rb5 28. Nf4 Re8 29. Ne2 Rd5 30. Nd4 Rd7 31. Rdc1 Bd5 32. f3 f5 33. Kf2 Rde7
34. Nb5 Rd8 35. Rc8 Rxc8 36. Rxc8+ Kg7 37. Ke2 Kh6 38. Rc7 Rxc7 39. Nxc7 Bc6
40. g4 Kg7 41. gxf5 gxf5 42. Ne6+ Kf6 43. Nd4 Kg6 44. Kf2 Bd7 45. Kg3 b5 46.
Nc2 Kf6 47. Kf4 Kg6 48. Kg3 Kh5 49. Nb4 Be6 50. Nd3 Ba2 51. Nb4 Bb1 52. Nd5 Bd3
53. Nf4+ 1-0

[Event "Sydney International Challengers"]
[Site "Parramatta, NSW"]
[Date "2010.04.09"]
[Round "5.2"]
[White "Weller, Tony"]
[Black "Chau, Bernard"]
[Result "1/2-1/2"]
[WhiteElo "1708"]
[BlackElo "1517"]
[PlyCount "138"]
[EventDate "2010.04.07"]
[EventType "swiss"]
[EventRounds "9"]
[EventCountry "AUS"]
[SourceDate "2010.04.07"]

1. d4 Nf6 2. e3 d6 3. c4 g6 4. Nc3 Bg7 5. Nf3 Nc6 6. d5 Ne5 7. Nxe5 dxe5 8. e4
b6 9. Be2 O-O 10. O-O Bb7 11. f4 Ne8 12. f5 c6 13. Be3 Nc7 14. Qd2 Qd6 15. Bh6
Kh8 16. Rf3 Rg8 17. Raf1 Bxh6 18. Qxh6 g5 19. Qxd6 exd6 20. f6 c5 21. g4 Rg6
22. Bd1 Bc8 23. R3f2 Ba6 24. Be2 Rb8 25. a4 Bc8 26. h3 a6 27. Bd3 Bd7 28. Ra1
a5 29. Kg2 Rh6 30. b3 Rg8 31. Ne2 Ne8 32. Raf1 Rgg6 33. Ng3 Rxf6 34. Nh5 Rxf2+
35. Rxf2 Kg8 36. Kg3 Rg6 37. Be2 Kf8 38. Kg2 Ke7 39. Bd3 Nf6 40. Nxf6 Rxf6 41.
Rxf6 Kxf6 42. Be2 h6 43. Kg3 Kg6 44. Bf3 Be8 45. Be2 f6 46. Bf3 Kg7 47. Be2 Bg6
48. Bf3 Bh7 49. Kf2 h5 50. Ke3 Bg6 51. Kf2 Be8 52. Ke3 Bd7 53. Kf2 Kg6 54. Kg3
hxg4 55. hxg4 f5 56. gxf5+ Bxf5 57. exf5+ Kxf5 58. Bg4+ Ke4 59. Bd7 Kd3 60. Kg4
Kc3 61. Kxg5 Kxb3 62. Kf5 e4 63. Kxe4 Kxc4 64. Bb5+ Kc3 65. Kf5 Kd4 66. Ke6 c4
67. Bxc4 Kxc4 68. Kxd6 b5 69. axb5 Kxb5 1/2-1/2

[Event "Sydney International Challengers"]
[Site "Parramatta, NSW"]
[Date "2010.04.09"]
[Round "5.3"]
[White "Fernandez, Michael"]
[Black "Pan, Andrew"]
[Result "1/2-1/2"]
[WhiteElo "1358"]
[BlackElo "1741"]
[PlyCount "89"]
[EventDate "2010.04.07"]
[EventType "swiss"]
[EventRounds "9"]
[EventCountry "AUS"]
[SourceDate "2010.04.07"]

1. e4 c6 2. Nc3 d5 3. Nf3 Bg4 4. exd5 cxd5 5. d4 e6 6. a3 Nf6 7. Bf4 Be7 8. Nb5
Na6 9. c4 dxc4 10. Bxc4 O-O 11. h3 Bh5 12. O-O Nd5 13. Be3 Bf6 14. Rc1 Nac7 15.
Nxc7 Nxc7 16. Be2 Nd5 17. Nh2 Bxe2 18. Qxe2 Qe7 19. Ng4 Rac8 20. Nxf6+ Qxf6 21.
Qd2 Qe7 22. Rc2 Qd7 23. Rfc1 h6 24. Rc4 Nb6 25. Rc5 Rfd8 26. R1c2 Rxc5 27. dxc5
Qxd2 28. Rxd2 Rxd2 29. Bxd2 Nd5 30. Kf1 Kf8 31. Ke2 Ke7 32. Kd3 Kd7 33. Kd4 Kc6
34. a4 f6 35. f4 Ne7 36. g4 g5 37. Kc4 Ng6 38. fxg5 Ne5+ 39. Kd4 hxg5 40. Ke4
Nd7 41. b4 a5 42. Kd4 axb4 43. Bxb4 Ne5 44. Ke4 Nd7 45. Kd4 1/2-1/2

[Event "Sydney International Challengers"]
[Site "Parramatta, NSW"]
[Date "2010.04.09"]
[Round "5.4"]
[White "Dickson, Ian"]
[Black "Wan, Kinto"]
[Result "0-1"]
[WhiteElo "1537"]
[BlackElo "1538"]
[PlyCount "74"]
[EventDate "2010.04.07"]
[EventType "swiss"]
[EventRounds "9"]
[EventCountry "AUS"]
[SourceDate "2010.04.07"]

1. e4 g6 2. d4 d6 3. Be3 Bg7 4. Nf3 Nf6 5. Nbd2 O-O 6. h3 Ne8 7. c3 e5 8. dxe5
dxe5 9. Nc4 Qe7 10. a4 a5 11. Be2 Nc6 12. O-O h6 13. Qc2 Kh8 14. Rad1 f5 15.
Rd5 Qe6 16. Nfxe5 Nxe5 17. Nxe5 Kh7 18. exf5 Qxd5 19. fxg6+ Kh8 20. Nf7+ Rxf7
21. gxf7 Qxf7 22. Bd3 Nd6 23. Bg6 Qf6 24. g4 Qf3 25. Bd4 Qxh3 26. Bxg7+ Kxg7
27. Bh5 Bf5 28. Qe2 Be4 29. f3 Qg3+ 30. Kh1 Qh4+ 31. Kg1 Bg6 32. Bxg6 Kxg6 33.
Qd3+ Kg7 34. Rf2 Qg3+ 35. Rg2 Qe1+ 36. Kh2 Re8 37. g5 Qh4+ 0-1

[Event "Sydney International Challengers"]
[Site "Parramatta, NSW"]
[Date "2010.04.09"]
[Round "5.5"]
[White "Dale, Ari"]
[Black "Plant, John Stuart"]
[Result "1-0"]
[WhiteElo "1388"]
[BlackElo "1700"]
[PlyCount "93"]
[EventDate "2010.04.07"]
[EventType "swiss"]
[EventRounds "9"]
[EventCountry "AUS"]
[SourceDate "2010.04.07"]

1. d4 d6 2. c4 Nf6 3. Nc3 Nbd7 4. g3 e5 5. e4 c6 6. Bg2 Qc7 7. Nge2 Be7 8. O-O
O-O 9. b3 Re8 10. Bb2 exd4 11. Nxd4 Ne5 12. Qd2 a6 13. Rad1 c5 14. Nc2 Bh3 15.
f4 Bxg2 16. Qxg2 Nc6 17. Ne3 Bf8 18. Ncd5 Nxd5 19. Nxd5 Qd8 20. f5 Nb4 21. Nf4
Qe7 22. Rde1 Qd8 23. h4 b5 24. h5 Qg5 25. f6 g6 26. hxg6 hxg6 27. a3 Nc6 28.
Nh3 Qh5 29. Rf4 Ne5 30. Ref1 Ng4 31. Bc1 Bh6 32. Rxg4 Qxg4 33. Bxh6 Qxe4 34.
Nf2 Qxg2+ 35. Kxg2 Re5 36. g4 Rae8 37. Rh1 Re1 38. Rh2 R8e5 39. Bg7 Rh5 40.
gxh5 g5 41. h6 Kh7 42. Nh3 Re5 43. Kf3 Kg6 44. Nxg5 Rxg5 45. h7 Rf5+ 46. Ke4
bxc4 47. bxc4 1-0

[Event "Sydney International Challengers"]
[Site "Parramatta, NSW"]
[Date "2010.04.09"]
[Round "5.6"]
[White "Eustace, Sophie"]
[Black "Beahan, Patrick"]
[Result "1/2-1/2"]
[WhiteElo "1451"]
[BlackElo "1301"]
[PlyCount "123"]
[EventDate "2010.04.07"]
[EventType "swiss"]
[EventRounds "9"]
[EventCountry "AUS"]
[SourceDate "2010.04.07"]

1. e4 e5 2. Nf3 Nc6 3. d4 exd4 4. Nxd4 Nf6 5. Nxc6 bxc6 6. e5 Nd5 7. c4 Nb6 8.
b3 Bb4+ 9. Bd2 Bxd2+ 10. Qxd2 Qe7 11. Qe2 d6 12. exd6 Qxe2+ 13. Bxe2 cxd6 14.
Nc3 d5 15. Bf3 Be6 16. O-O-O Rd8 17. cxd5 cxd5 18. Kb2 O-O 19. Rd4 Rd7 20. Rhd1
Rfd8 21. Ne2 Rb8 22. Nf4 Nc4+ 23. Ka1 Na3 24. R4d2 d4 25. Rc1 a5 26. Nxe6 fxe6
27. Kb2 Nb5 28. Rc5 a4 29. Rxb5 Rxb5 30. Bc6 a3+ 31. Kb1 Rbd5 32. Bxd7 Rxd7 33.
Kc2 e5 34. Kd3 Kf7 35. Kc4 Ke6 36. Kb4 Ra7 37. f4 Kd5 38. fxe5 Kxe5 39. Kc4
Rc7+ 40. Kb4 Ke4 41. Kxa3 Ke3 42. Rd1 d3 43. Kb2 Ke2 44. Rg1 d2 45. a4 d1=Q 46.
Rxd1 Kxd1 47. b4 Rc2+ 48. Kb3 Rxg2 49. b5 Kc1 50. a5 Rb2+ 51. Kc4 g5 52. b6
Rc2+ 53. Kb5 Rxh2 54. b7 Rb2+ 55. Kc6 g4 56. a6 g3 57. a7 g2 58. a8=Q g1=Q 59.
Qa1+ Rb1 60. Qc3+ Kd1 61. Qd3+ Kc1 62. Qc3+ 1/2-1/2

[Event "Sydney International Challengers"]
[Site "Parramatta, NSW"]
[Date "2010.04.09"]
[Round "5.7"]
[White "Koh, Cedric"]
[Black "Chen, Vincent"]
[Result "1-0"]
[WhiteElo "1461"]
[BlackElo "1439"]
[PlyCount "69"]
[EventDate "2010.04.07"]
[EventType "swiss"]
[EventRounds "9"]
[EventCountry "AUS"]
[SourceDate "2010.04.07"]

1. e4 c5 2. b3 Nc6 3. Bb2 e6 4. Bb5 a6 5. Bxc6 bxc6 6. f4 d5 7. d3 Nf6 8. Nd2
a5 9. a4 Ba6 10. e5 Nd7 11. Ngf3 h6 12. Qe2 Rb8 13. O-O Nb6 14. Bc3 Nc8 15.
Rad1 Qb6 16. Kh1 Ne7 17. Qf2 Nf5 18. g4 d4 19. gxf5 dxc3 20. Ne4 c4 21. Qxb6
Rxb6 22. dxc4 exf5 23. Nxc3 Be7 24. Ne2 Bb7 25. Ng3 g6 26. Kg2 Bc8 27. h4 Be6
28. Rd3 O-O 29. h5 g5 30. fxg5 hxg5 31. Nd4 f4 32. Ne4 Kg7 33. Nxe6+ fxe6 34.
Rd7 Kf7 35. Nd6+ 1-0

[Event "Sydney International Challengers"]
[Site "Parramatta, NSW"]
[Date "2010.04.09"]
[Round "5.8"]
[White "Anderson Smith, William T"]
[Black "Webster, David"]
[Result "0-1"]
[WhiteElo "1560"]
[BlackElo "1812"]
[PlyCount "88"]
[EventDate "2010.04.07"]
[EventType "swiss"]
[EventRounds "9"]
[EventCountry "AUS"]
[SourceDate "2010.04.07"]

1. d4 d5 2. c4 Bf5 3. cxd5 Bxb1 4. Rxb1 Qxd5 5. b3 Nc6 6. e3 e5 7. Nf3 exd4 8.
Bc4 Qa5+ 9. Bd2 Bb4 10. O-O Bxd2 11. Nxd2 dxe3 12. Bxf7+ Kxf7 13. fxe3+ Nf6 14.
Nc4 Qc5 15. Qd7+ Qe7 16. Qh3 Ke8 17. e4 Ne5 18. Ne3 Rd8 19. Nf5 Qc5+ 20. Kh1
Kf7 21. Rbc1 Qb6 22. Qg3 Ng6 23. Rxc7+ Rd7 24. Rxd7+ Nxd7 25. Nd6+ Ke6 26. Nc4
Qd4 27. Qg4+ Ke7 28. Rd1 Nf6 29. Qf3 Qc5 30. e5 Nxe5 31. Nxe5 Qxe5 32. Qxb7+
Ke6 33. Qc6+ Kf7 34. Qb7+ Qe7 35. Qb5 Re8 36. Qc4+ Kf8 37. Qh4 Kg8 38. h3 Qe4
39. Qf2 Qe2 40. Qd4 Qxa2 41. Qc4+ Kh8 42. Qf7 Qe2 43. Ra1 Nh5 44. Rxa7 Qe1+ 0-1

[Event "Sydney International Challengers"]
[Site "Parramatta, NSW"]
[Date "2010.04.09"]
[Round "5.9"]
[White "Ross, Bill"]
[Black "Tenorio, Leonardo"]
[Result "0-1"]
[WhiteElo "1345"]
[BlackElo "1644"]
[PlyCount "52"]
[EventDate "2010.04.07"]
[EventType "swiss"]
[EventRounds "9"]
[EventCountry "AUS"]
[SourceDate "2010.04.07"]

1. e4 e6 2. d4 d5 3. e5 c5 4. c3 Nc6 5. Nf3 Qc7 6. Be2 cxd4 7. cxd4 f6 8. Bf4
Bb4+ 9. Nbd2 Nge7 10. O-O Ng6 11. Bg3 f5 12. h3 O-O 13. Rc1 Qb6 14. Nb3 a5 15.
a3 Be7 16. a4 Na7 17. Nfd2 Bd7 18. Nc5 Bxc5 19. Rxc5 Qxb2 20. Nf3 Qb4 21. Bb5
Nxb5 22. axb5 Bxb5 23. Re1 Rac8 24. Ng5 Rxc5 25. dxc5 f4 26. Bh2 Bd7 0-1

[Event "Sydney International Challengers"]
[Site "Parramatta, NSW"]
[Date "2010.04.09"]
[Round "5.10"]
[White "Reynolds, Paul"]
[Black "Canfell, Mike J"]
[Result "1/2-1/2"]
[WhiteElo "1443"]
[BlackElo "1587"]
[PlyCount "85"]
[EventDate "2010.04.07"]
[EventType "swiss"]
[EventRounds "9"]
[EventCountry "AUS"]
[SourceDate "2010.04.07"]

1. d4 Nf6 2. Nf3 g6 3. c4 Bg7 4. Nc3 O-O 5. e4 d6 6. Be2 e5 7. Bg5 h6 8. Bh4
Qe8 9. Bxf6 Bxf6 10. Nd5 Bd8 11. dxe5 dxe5 12. Qd2 Kg7 13. O-O-O c6 14. Ne3 Bc7
15. g4 Be6 16. Nf5+ gxf5 17. exf5 f6 18. fxe6 Qxe6 19. Nh4 Rh8 20. Nf5+ Kg6 21.
Bd3 e4 22. Rhe1 Nd7 23. Rxe4 Ne5 24. Rxe5 Qxe5 25. Nxh6+ Kg7 26. Nf5+ Kf8 27.
Qb4+ c5 28. Qb5 Rd8 29. h4 a6 30. Qb3 Qf4+ 31. Kb1 b6 32. Ne3 Qxf2 33. Nd5 Be5
34. Rf1 Qd4 35. h5 b5 36. g5 bxc4 37. Bxc4 Rb8 38. Rxf6+ Ke8 39. Qa4+ Kd8 40.
Qa5+ Ke8 41. Qa4+ Kd8 42. Qa5+ Ke8 43. Qa4+ 1/2-1/2

[Event "Sydney International Challengers"]
[Site "Parramatta, NSW"]
[Date "2010.04.09"]
[Round "5.11"]
[White "Bleicher, Horst"]
[Black "Hannagan, Peter"]
[Result "1-0"]
[WhiteElo "1442"]
[BlackElo "1401"]
[PlyCount "101"]
[EventDate "2010.04.07"]
[EventType "swiss"]
[EventRounds "9"]
[EventCountry "AUS"]
[SourceDate "2010.04.07"]

1. d4 d5 2. c4 dxc4 3. Nf3 b5 4. a4 b4 5. e3 Ba6 6. Ne5 Qd5 7. Be2 Qe6 8. O-O
f6 9. Nf3 Nd7 10. Qc2 Qc6 11. Nfd2 e6 12. Bf3 Qb6 13. Bxa8 c3 14. Re1 cxd2 15.
Nxd2 Bd6 16. Qc6 Ne7 17. Qxb6 axb6 18. Bf3 h5 19. Ne4 g5 20. Nxd6+ cxd6 21. Bd2
g4 22. Be2 Bxe2 23. Rxe2 Nc6 24. b3 Kf7 25. Rc1 Ndb8 26. Be1 f5 27. Rec2 h4 28.
Rxc6 Nxc6 29. Rxc6 d5 30. Bxb4 Kf6 31. Rxb6 f4 32. Bd6 fxe3 33. fxe3 Kf5 34. a5
Ke4 35. Bf4 Rc8 36. Rxe6+ Kd3 37. e4 dxe4 38. Bg5 Kxd4 39. Rd6+ Kc3 40. Bd2+
Kxb3 41. Rd4 Re8 42. Kf2 Kc2 43. Ke3 h3 44. g3 Rf8 45. Rc4+ Kb3 46. Rxe4 Rg8
47. a6 Rg7 48. Re6 Kc4 49. Ke4 Kb5 50. Be3 Rg8 51. Rb6+ 1-0

[Event "Sydney International Challengers"]
[Site "Parramatta, NSW"]
[Date "2010.04.09"]
[Round "5.12"]
[White "Stahnke, Axel"]
[Black "Simmonds, Leteisha"]
[Result "0-1"]
[WhiteElo "1412"]
[BlackElo "1424"]
[PlyCount "71"]
[EventDate "2010.04.07"]
[EventType "swiss"]
[EventRounds "9"]
[EventCountry "AUS"]
[SourceDate "2010.04.07"]

1. d4 e6 2. c4 Bb4+ 3. Nc3 Nf6 4. a3 Bxc3+ 5. bxc3 c5 6. e3 O-O 7. Bd3 d6 8.
Ne2 e5 9. Qc2 Qe7 10. dxe5 dxe5 11. Ng3 Be6 12. Rb1 b6 13. O-O h6 14. f4 Nc6
15. f5 Bc8 16. e4 Ba6 17. Qe2 Rfd8 18. Be3 Na5 19. Rfd1 Rd7 20. Nf1 Rad8 21.
Bf2 Nh7 22. Ne3 f6 23. Nd5 Qf8 24. h4 Nc6 25. Be3 Ne7 26. Nc7 Rxc7 27. Qg4 Rcd7
28. Bf1 Kh8 29. Rxd7 Rxd7 30. Rd1 Qd8 31. Rd5 Nxd5 32. exd5 Qe8 33. Be2 Rd6 34.
Qe4 Qa4 35. Bc1 b5 36. cxb5 0-1

[Event "Sydney International Challengers"]
[Site "Parramatta, NSW"]
[Date "2010.04.09"]
[Round "5.13"]
[White "Mithran, Mirakla"]
[Black "Behar, Joshua"]
[Result "1/2-1/2"]
[WhiteElo "1239"]
[BlackElo "1423"]
[PlyCount "100"]
[EventDate "2010.04.07"]
[EventType "swiss"]
[EventRounds "9"]
[EventCountry "AUS"]
[SourceDate "2010.04.07"]

1. e4 d5 2. exd5 Qxd5 3. Nc3 Qa5 4. d3 Nf6 5. Bd2 c6 6. Nf3 Bg4 7. Be2 e6 8.
O-O Be7 9. a3 Nbd7 10. Bf4 O-O 11. b4 Qd8 12. Ne5 Nxe5 13. Bxe5 Bxe2 14. Qxe2
Bd6 15. h3 Re8 16. f4 Bxe5 17. Qxe5 Nd5 18. Nxd5 Qxd5 19. Rfe1 Rad8 20. Kh2 f6
21. Qe4 Qxe4 22. Rxe4 Kf7 23. Rae1 {White offered a draw.} h6 24. g4 g6 25. Kg3
g5 26. fxg5 hxg5 27. Rf1 Rd5 28. Rf3 Red8 29. Rfe3 R5d6 30. Rf3 Rd5 31. Kf2
R8d7 32. Ke2 Re7 33. c4 Rd8 34. Re5 Kg6 35. Re4 Kf7 36. Kd2 b6 37. Kc2 Kg6 38.
Rfe3 Kf7 39. Rf3 Kg6 40. Kc3 a6 41. a4 e5 42. d4 Rxd4 43. Rxd4 exd4+ 44. Kxd4
Re5 45. Re3 c5+ 46. bxc5 bxc5+ 47. Kd3 Rxe3+ 48. Kxe3 Kf7 49. Ke4 Ke6 50. a5
Kd6 1/2-1/2

[Event "Sydney International Challengers"]
[Site "Parramatta, NSW"]
[Date "2010.04.09"]
[Round "5.14"]
[White "Zhou, Thomas"]
[Black "Koh, Clarise"]
[Result "1-0"]
[WhiteElo "1271"]
[BlackElo "1298"]
[PlyCount "67"]
[EventDate "2010.04.07"]
[EventType "swiss"]
[EventRounds "9"]
[EventCountry "AUS"]
[SourceDate "2010.04.07"]

1. e4 c5 2. Nf3 a6 3. c3 e6 4. d4 d5 5. exd5 exd5 6. Be2 Nf6 7. O-O Bd6 8. Bg5
h6 9. Bh4 Be6 10. Nbd2 Nbd7 11. c4 Qb6 12. b3 cxd4 13. cxd5 Bxd5 14. Nc4 Bxc4
15. Bxc4 O-O 16. Nxd4 Be5 17. Nf5 Bxa1 18. Qxa1 Qc5 19. Nxh6+ gxh6 20. Bxf6
Nxf6 21. Qxf6 Qg5 22. Qb6 Rfb8 23. Qc7 Qf6 24. Bd5 Rc8 25. Qg3+ Kf8 26. Bxb7
Rc3 27. Qg4 Rxb3 28. axb3 Rb8 29. Qc4 a5 30. Qc5+ Kg7 31. Bd5 Qb6 32. Qxb6 Rxb6
33. Ra1 Rb5 34. Bc4 1-0

[Event "Sydney International Challengers"]
[Site "Parramatta, NSW"]
[Date "2010.04.09"]
[Round "5.15"]
[White "Chau, Adrian"]
[Black "Nakauchi, Kenji"]
[Result "1-0"]
[WhiteElo "1665"]
[BlackElo "1262"]
[PlyCount "21"]
[EventDate "2010.04.07"]
[EventType "swiss"]
[EventRounds "9"]
[EventCountry "AUS"]
[SourceDate "2010.04.07"]

1. Nf3 Nc6 2. e4 e5 3. Bc4 h6 4. d4 f6 5. dxe5 Nxe5 6. Nxe5 fxe5 7. Qh5+ g6 8.
Qxg6+ Ke7 9. Qf7+ Kd6 10. Qd5+ Ke7 11. Qxe5# 1-0